Every WWE Wrestler on PPV Poster in 2022 - Statistics

General Stats
  • This quiz has been taken 142 times
  • The average score is 51 of 89
Answer Stats
PPV Name Answer % Correct
Royal Rumble Roman Reigns
96%
Wrestlemania 38 Roman Reigns
96%
Clash at the Castle Roman Reigns
96%
Crown Jewel Roman Reigns
96%
Survivor Series: Wargames Roman Reigns
96%
Day 1 Brock Lesnar
94%
Royal Rumble Brock Lesnar
94%
Elimination Chamber Brock Lesnar
94%
Wrestlemania 38 Brock Lesnar
94%
Summerslam Brock Lesnar
94%
Day 1 Big E
92%
Royal Rumble Big E
92%
Day 1 Seth Rollins
91%
Royal Rumble Seth Rollins
91%
Elimination Chamber Seth Rollins
91%
Money in the Bank Seth Rollins
91%
Royal Rumble Jey Uso
87%
Survivor Series: Wargames Jey Uso
87%
Survivor Series: Wargames Jimmy Uso
87%
Survivor Series: Wargames Sami Zayn
83%
Day 1 Bobby Lashley
82%
Royal Rumble Bobby Lashley
82%
Elimination Chamber Bobby Lashley
82%
Day 1 Kevin Owens
81%
Royal Rumble Kevin Owens
81%
Royal Rumble Drew McIntyre
75%
Clash at the Castle Drew McIntyre
75%
Survivor Series: Wargames Solo Sikoa
73%
NXT Stand and Deliver Bron Breakker
72%
NXT Worlds Collide Bron Breakker
72%
NXT Halloween Havoc Bron Breakker
72%
Hell in a Cell Cody Rhodes
69%
Crown Jewel Logan Paul
68%
Elimination Chamber Austin Theory
67%
Royal Rumble Matt Riddle
67%
Elimination Chamber Matt Riddle
67%
Royal Rumble Edge
66%
Wrestlemania Backlash Edge
66%
Royal Rumble Becky Lynch
64%
Money in the Bank Becky Lynch
64%
Royal Rumble Rey Mysterio
64%
Royal Rumble Dominik Mysterio
63%
Royal Rumble Randy Orton
63%
Royal Rumble Sheamus
63%
Royal Rumble AJ Styles
61%
Elimination Chamber AJ Styles
61%
Royal Rumble Charlotte Flair
59%
Royal Rumble Finn Bálor
59%
Royal Rumble Kofi Kingston
59%
NXT In Your House Carmelo Hayes
58%
NXT Halloween Havoc Carmelo Hayes
58%
NXT Deadline Carmelo Hayes
58%
Royal Rumble Rhea Ripley
58%
Survivor Series: Wargames Paul Heyman
57%
Royal Rumble Bianca Belair
56%
Royal Rumble Damien Priest
52%
Royal Rumble Liv Morgan
50%
Extreme Rules Ronda Rousey
47%
Royal Rumble Dolph Ziggler
45%
NXT Stand and Deliver Dolph Ziggler
45%
Royal Rumble The Miz
44%
NXT Halloween Havoc Grayson Waller
37%
NXT Deadline Grayson Waller
37%
NXT Halloween Havoc Mandy Rose
37%
NXT Halloween Havoc Wes Lee
34%
NXT Halloween Havoc Roxanne Perez
32%
Royal Rumble Shinsuke Nakamura
31%
NXT Worlds Collide Tyler Bate
31%
Royal Rumble Montez Ford
29%
Royal Rumble Angelo Dawkins
28%
Royal Rumble Ricochet
28%
NXT Halloween Havoc Ilja Dragunov
27%
Royal Rumble Apollo Crews
21%
NXT Halloween Havoc Apollo Crews
21%
NXT Halloween Havoc Cora Jade
21%
Royal Rumble Shayna Baszler
20%
NXT Deadline Axiom
18%
NXT Halloween Havoc Alba Fyre
17%
NXT Deadline Joe Gacy
17%
NXT Halloween Havoc J.D. McDonagh
16%
NXT Deadline J.D. McDonagh
16%
Royal Rumble Nikki A.S.H.
13%
NXT In Your House Cameron Grimes
12%
NXT Halloween Havoc Julius Creed
12%
NXT Halloween Havoc Nathan Frazer
11%
NXT Halloween Havoc Von Wagner
11%
Royal Rumble Zelina Vega
11%
NXT Halloween Havoc Oro Mensah
8%
NXT Halloween Havoc Damon Kemp
7%
No matching quizzes found
Score Distribution
Percent of People with Each Score
Percentile by Number Answered
Your Score History
You have not taken this quiz